000 00653cam a2200229 a 4500
001 4313017
005 20180214083542.0
008 870428s1988 nyu b 001 0 eng
010 _a 87013743
020 _a0393304477 (pbk.) :
_c$6.95
040 _aDLC
_cDLC
_dDLC
041 _aeng
043 _an-us---
080 _a320.973 SCH
082 0 0 _a320.973 SCH
_219
100 1 _a19
101 _aPOL
245 1 0 _aAmerica's hidden success :
_cJohn E. Schwarz.
504 _aIncludes bibliographies and index.
906 _a7
_bcbc
_corignew
_d1
_eocip
_f19
_gy-gencatlg
942 _2ddc
_cBK
999 _c42524
_d42524